000 00672nam a2200205Ii 4500
003 JO-AjNU
008 230605s9999||||xx |||||||||||||| ||und||
040 _aJO-AjNU
_bara
_erda
_cJO-AjNU
041 _aara
050 1 4 _aAE10.55.1999
100 3 _aحنا،نهى ، طنوس يوسف/اعداد، يعقوب،اميل،اشراف,
_eauthor
_919850
245 0 0 _aالفنون
250 _aط1
264 3 1 _aبيروت:دار الجيل،1999
300 _a239ص
_bاشهر الرسامين في العالم ص86-ص125
336 _atext
_btxt
_2rdacontent
337 _aunmediated
_bn
_2rdamedia
338 _avolume
_bnc
_2rdacarrier
650 4 _aالفنون
_919851
999 _aA6623
_c10191
_d10191